| 000 | 00427nam a2200169Ia 4500 | ||
|---|---|---|---|
| 008 | 131103s9999 xx 000 0 und d | ||
| 040 | _aLoreto College | ||
| 041 | _aEnglish | ||
| 082 |
_aF/ELI _bLCLIB/ |
||
| 100 | _aEliot,George | ||
| 245 |
_aSilas Marner _cGeorge Eliot |
||
| 260 |
_aLondon _bJ.M.Dent & Sons Ltd. _c1906 |
||
| 300 |
_ax,262 p. _c 17 cm. |
||
| 650 | _aFiction in English | ||
| 850 | _aLCLIB | ||
| 942 | _cBK | ||
| 999 |
_c16005 _d66484 |
||